| 000 | 00848nam a22002417a 4500 | ||
|---|---|---|---|
| 005 | 20260416093429.0 | ||
| 007 | cr |||aaa||||| | ||
| 008 | 260416s2017 sp|d||||o|||| 000 0 spa d | ||
| 020 | _a9788416325542 | ||
| 040 |
_aMX-MxUPN _bspa _eaacr2 |
||
| 041 | 0 | _aspa | |
| 050 | 4 | _aLB2391 E5 | |
| 245 | 0 | 0 |
_aAcciones de mejora de la calidad de las titulaciones : _b(2016-2017) _h[recurso electrónico en línea] |
| 250 | _aPrimera edición | ||
| 260 |
_aCartagena : _bRai UPCT, _c2017 |
||
| 300 |
_a1 recurso en línea (142 páginas) : _bgráficos, PDF |
||
| 506 | 0 | _aAcceso abierto | |
| 650 | 4 |
_aTítulos académicos _xControl de calidad _zCartagena, España _959271 |
|
| 700 | 1 |
_aGarcía Martín, Antonio _959272 _dcoordinación |
|
| 856 | 4 | 0 | _uhttp://hdl.handle.net/10317/6030 |
| 902 | _aVíctorGodínez/160426 | ||
| 942 |
_2lcc _cLIBRO-E |
||
| 999 |
_c214962 _d214962 |
||